Statistics for Country Flags by Picture - Multiple Choice

Click here to take the quiz!

General Stats

  • This quiz has been taken 172 times
  • The average score is 8 of 13

Answer Stats

Question Answer % Correct
Australia
90%
Denmark
82%
Ivory Coast
76%
Cameroon
73%
Slovakia
70%
Iraq
67%
Tanzania
59%
Poland
59%
Romania
55%
Bolivia
50%
Kuwait
50%
Nicaragua
44%
Mali
41%

Score Distribution

Percentile by Number Answered

Percent of People with Each Score

Your Score History

You have not taken this quiz